Statistics for Master and Commander Characters by Picture

Click here to take the quiz!

General Stats

  • This quiz has been taken 26 times
  • The average score is 11 of 16

Answer Stats

Answer% Correct
Captain Jack Aubrey
100%
Barret Bonden
89%
Dr. Stephen Maturin
89%
Lt. Thomas Pullings
89%
Joe Nagle
78%
Killick
78%
Lord Blakeney
78%
Mr. Hollom
78%
Peter Myles Calamy
67%
William Warley
67%
Lt. William Mowett
56%
Faster Doudle
44%
Joe Plaice
44%
Mr. Allen
44%
Padeen
44%
Nehemiah Slade
22%

Score Distribution

Percentile by Number Answered

Percent of People with Each Score

Your Score History

You have not taken this quiz